|
|
|
|
| LEADER |
00000nam0a2200000 4500 |
| 001 |
27776 |
| 005 |
20231030202330.0 |
| 010 |
|
|
|a 5866560836
|
| 035 |
|
|
|a (RuTPU)RU\TPU\book\28029
|
| 035 |
|
|
|a BOOK00028104
|
| 090 |
|
|
|a 27776
|
| 100 |
|
|
|a 20011209d1998 k y0rusy50 ca
|
| 101 |
0 |
|
|a rus
|
| 102 |
|
|
|a RU
|
| 105 |
|
|
|a y z 100zy
|
| 200 |
1 |
|
|a Total Quality Management - XXI: проблемы, опыт, перспективы
|a TQM
|e Материалы 6 Международной научно-практической конференции, Саратов, 12-13 мая 1998 г
|f АО "ТКБ Интерсертифика"; Академия проблем качества России; TQM - XXI: проблемы, опыт, перспективы, Международная научно-практическая конференция
|h Вып. 3
|
| 210 |
|
|
|a Москва
|c ИздАТ
|d 1998
|
| 215 |
|
|
|a 262 с.
|
| 610 |
1 |
|
|a промышленные предприятия
|
| 610 |
1 |
|
|a продукция
|
| 610 |
1 |
|
|a качество
|
| 610 |
1 |
|
|a менеджмент
|
| 610 |
1 |
|
|a проблемы
|
| 610 |
1 |
|
|a перспективы
|
| 610 |
1 |
|
|a конференции
|
| 610 |
1 |
|
|a Саратов
|
| 675 |
|
|
|a 658.562(063)
|v 3
|
| 712 |
0 |
2 |
|a АО "ТКБ Интерсертифика"
|
| 712 |
0 |
2 |
|a Академия проблем качества России
|
| 712 |
1 |
2 |
|a TQM - XXI: проблемы, опыт, перспективы
|b Международная научно-практическая конференция
|d 6
|e Саратов
|f 1998
|
| 801 |
|
0 |
|a RU
|b 63413507
|c 20011209
|g PSBO
|
| 801 |
|
2 |
|a RU
|b 63413507
|c 20100824
|g PSBO
|
| 942 |
|
|
|c BK
|